| 000 | 01528nam a2200469 i 4500 | ||
|---|---|---|---|
| 001 | 6168 | ||
| 003 | KOSZ 005 | ||
| 005 | 20210409112411.0 | ||
| 008 | 991116s1982 pl a f |001 0 pol | ||
| 015 | _aUWD 1982/4223 | ||
| 020 | _a8320403715 | ||
| 035 | _a991012041289705066 | ||
| 035 | _a(PL-WaBN)b13264679-48omnis_nlop | ||
| 035 | _ab13264679 | ||
| 035 | _a(OCoLC)749647221 | ||
| 035 | _a(PL)b0000001326467 | ||
| 035 | _a(EXLNZ-48OMNIS_NETWORK)9910522984305606 | ||
| 040 |
_aWA N _cWA N _dKR U _dKOSZ 005/HR |
||
| 041 | 0 | _apol | |
| 046 | _k1982 | ||
| 080 | _a621.318 | ||
| 080 | _a62-83 | ||
| 100 | 1 |
_aŁastowiecki, Józef _d(1937- ) _eAutor |
|
| 245 | 1 | 0 |
_aElementy magnetyczne w układach napędowych / _cJózef Łastowiecki. |
| 260 |
_aWarszawa : _bWydawnictwa Naukowo-Techniczne, _c1982. |
||
| 300 |
_a309, [1] s. : _bil. tab. wykr. ; _c24 cm. |
||
| 336 |
_aTekst _btxt _2rdacontent |
||
| 337 |
_aBez urządzenia pośredniczącego _bn _2rdamedia |
||
| 338 |
_aWolumin _bnc _2rdacarrier |
||
| 380 | _aKsiążki | ||
| 388 | _a1901-2000 | ||
| 388 | _a1945-1989 | ||
| 504 | _aBibliogr. s. 304-305. - Indeks. | ||
| 650 | 7 |
_aMagnetyzm _2DBN |
|
| 650 | 7 |
_aNapęd elektryczny _2DBN |
|
| 650 | 7 | _aUrządzenia elektryczne | |
| 658 | _aInżynieria i technika | ||
| 710 | 2 |
_aWydawnictwa Naukowo-Techniczne _4pbl |
|
| 856 |
_uhttp://koha.tu.koszalin.pl/cgi-bin/koha/opac-detail.pl?biblionumber=6168 _yKatalog online BPK |
||
| 942 |
_2UKD _cKS |
||
| 999 |
_c6168 _d6168 |
||